LEADER 01155nam0-22003371i-450- 001 990004989080403321 005 20080610115204.0 035 $a000498908 035 $aFED01000498908 035 $a(Aleph)000498908FED01 035 $a000498908 100 $a19990604g19619999km-y0itay50------ba 101 0 $afre 102 $aFR 105 $af-------001yy 200 1 $aArt et humanisme a Florence au temps de Laurent le Magnifique$eétudes sur la Renaissance et l'Humanisme platonicien$fChastel André 210 $aParis$cPresses universitaires de France$d1961 215 $a580 p., 48 c. di tav.$cill.$d24 cm 225 1 $aPubblications de l'Institut d'art et d'archéologie de l'Université de Paris$v4 610 0 $aArte$aFirenze$aStoria$aSec. 15.-16. 676 $a709.45$v21$zita 700 1$aChastel,$bAndré$0339015 801 0$aIT$bUNINA$gRICA$2UNIMARC 901 $aBK 912 $a990004989080403321 952 $a709.45 CHA 3$bFil. Mod. 9156$fFLFBC 952 $aSE 036.02.09-$bS.I.$fDECSE 959 $aFLFBC 959 $aDECSE 996 $aArt et humanisme à Florence au temps de Laurent le Magnifique$918663 997 $aUNINA LEADER 03471nam 2200673 a 450 001 9910956124403321 005 20260126234732.0 010 $a1-281-92148-3 010 $a9786611921484 010 $a90-474-2064-0 024 7 $a10.1163/ej.9789004160194.i-322 035 $a(CKB)1000000000556633 035 $a(EBL)468440 035 $a(OCoLC)302419469 035 $a(SSID)ssj0000181405 035 $a(PQKBManifestationID)11170004 035 $a(PQKBTitleCode)TC0000181405 035 $a(PQKBWorkID)10179397 035 $a(PQKB)10007786 035 $a(MiAaPQ)EBC468440 035 $a(nllekb)BRILL9789047420644 035 $a(Au-PeEL)EBL468440 035 $a(CaPaEBR)ebr10270899 035 $a(CaONFJC)MIL192148 035 $a(PPN)17041230X 035 $a(EXLCZ)991000000000556633 100 $a20071102d2007 uy 0 101 0 $aeng 135 $aur|n|---||||| 181 $ctxt 182 $cc 183 $acr 200 10$aInternational law as world order in Late Imperial China $etranslation, reception and discourse, 1847-1911 /$fby Rune Svarverud 205 $a1st ed. 210 $aLeiden ;$aBoston $cBrill$d2007 215 $a1 online resource (332 p.) 225 1 $aSinica Leidensia,$x0169-9563 ;$vv. 78 300 $aDescription based upon print version of record. 311 08$a90-04-16019-1 320 $aIncludes bibliographical references and index. 327 $tPreliminary material /$rR. Svarverud --$tChapter One. Chinese world order: Perspectives and frameworks /$rR. Svarverud --$tChapter Two. International law as discipline west and east /$rR. Svarverud --$tChapter Three. The early introduction of international law: Translations and language /$rR. Svarverud --$tChapter Four. The early discourse on international law in China /$rR. Svarverud --$tChapter Five. Japan and chinese translations of international law /$rR. Svarverud --$tChapter Six. International law as world order in early 20th century China /$rR. Svarverud --$tAppendix International. Law texts in chinese: A chronological bibliography 1847-1911 /$rR. Svarverud --$tBibliography /$rR. Svarverud --$tIndex /$rR. Svarverud. 330 $aThis is the first systematic analysis of the early introduction and reception of international law as a Western political and legal science in China. International law in late imperial China is studied both as part of the introduction of the Western sciences and as a theoretical orientation in international affairs between 1847 and 1911. The first chapters serve the purpose of analysing the political, institutional, intellectual and linguistic process of adapting the theories of international law to the Chinese context language. The second major part of the book is dedicated to the discourse on China and world order within this framework. 410 0$aSinica Leidensia ;$vv. 78. 606 $aInternational law$zChina$xHistory 606 $aInternational law$zChina$xLanguage 606 $aInternational law$xLanguage 607 $aChina$xForeign relations$y1644-1912 615 0$aInternational law$xHistory. 615 0$aInternational law$xLanguage. 615 0$aInternational law$xLanguage. 676 $a951.035 700 $aSvarverud$b Rune$0471949 801 0$bMiAaPQ 801 1$bMiAaPQ 801 2$bMiAaPQ 906 $aBOOK 912 $a9910956124403321 996 $aInternational law as world order in Late Imperial China$9228656 997 $aUNINA